| 000 | 01315nam a22002897a 4500 | ||
|---|---|---|---|
| 005 | 2010101908158.0 | ||
| 008 | 101019t xxu||||| |||| 00| 0 hin | ||
| 010 | _aHIN-95819 | ||
| 020 |
_c450.00 _a9788192081595 |
||
| 035 | _aHN-68165 | ||
| 037 | _bDBAD / PUB | ||
| 040 |
_aDPL _bHN |
||
| 082 | _a821 | ||
| 100 | _923632 | ||
| 245 |
_aकोसी की नई ज़मीन / _bदेवेन्द्र कुमार देवेश द्वारा संपादित _hकविता खंड |
||
| 260 |
_aदिल्ली _bयश पब्लिकेशन्स _c2012 |
||
| 270 |
_bदिल्ली _a1/10753 गली न.3,सुभाष पार्क,नवीन शहादरा,नियर कीर्ति मन्दिर _e110032 _mwwwyashpublication.com _k09899938522 |
||
| 300 | 1 |
_a224पृ. _c22सेमी (सजिल्द) |
|
| 650 |
_9657 _aहिन्दी कविता |
||
| 650 | _934273 | ||
| 700 |
_939143 _aदेवेश,देवेन्द्र कुमार |
||
| 710 | _934811 | ||
| 710 | _935049 | ||
| 711 | _944931 | ||
| 942 |
_2ddc _cHN _mकोसीकी _h821 |
||
| 999 |
_c64887 _d64887 |
||